| 000 | 01049cam a2200193 4500 | ||
|---|---|---|---|
| 001 | X123080 | ||
| 008 | 030722n2003 000 0 eng u | ||
| 035 | _a(Sirsi) u123080 | ||
| 100 | _aHenchie, N. | ||
| 245 | _aProtect your BITs | ||
| 260 | _c2003 | ||
| 490 |
_aBuilding _v268(8282) 6 June 2003, 56(1) |
||
| 520 | _aConsiders whether companies accepting a construction or engineering job in an unstable foreign country should ensure there is a Bilateral Investment Treaty (BIT) in place before signing. BITs provide for the protection of the investment of a company from one contracting state made in the territory of the other contracting state. They provide for the settlement of disputes and have been concluded between the UK government and 94 other countries. Consequently, disputes can be referred to the International Centre for Settlement of Investment Disputes. | ||
| 650 | _aBILATERAL INVESTMENT TREATIES | ||
| 650 | _aCONSTRUCTION DISPUTES | ||
| 650 | _aENGINEERING DISPUTES | ||
| 690 |
_aDispute resolution _96236 |
||
| 942 | _n0 | ||
| 999 |
_c73087 _d73087 |
||